Datum a čas kvízu
32
Celkem bodů
Celkový počet nahraných bodů na tomto kvízu bez doplňovacích otázek.
11.
Pořadí na kvízu
Konečné umístění týmu na tomto kvízu.
Zaznamenané odpovědi
| # | Otázka | Odpověď | Body | Výsledky |
|---|---|---|---|---|
| 1. | Která česká televizní stanice... | TV Barrandov | 1 | |
| 2. | V pondělí byla plnohodnotně sp... | Ruwiki | 0 | |
| 3. | Ve čtvrtek mělo v českých kine... | Aristokratka ve varu, Evžen Boček | 1 | |
| 4. | Jistá kurýrní společnost působ... | DPD | 0 | |
| 5. | Jak se jmenuje 19letá česká te... | Linda Nosková | 1 | |
| 6. | Podíváme se do historie na výp... | křížová výprava | 1 | |
| 7. | Zajímavé byly osudy Přemyslovn... | Dagmar, Dánsko | 0 | |
| 8. | Jednou z možností, jak se dost... | Jiří z Poděbrad | 1 | |
| 9. | Územní velikost Rakouska-Uhers... | Kotor | 0 | |
| 10. | Období husitství představovalo... | D | 1 |